Food safety - public good

Analýza vnímania potravinovej bezpečnosti spotrebiteľmi agropotravinárskych produktov vo vybranom kraji Slovenska. Potravinová bezpečnosť v podmienkach SR. Potravinová politika SR a ES v zmysle potravinového práva. Všeobecné zásady a požiadavky v záležitostiach bezpečnosti potravín stanovuje Naria...

Descripción completa

Guardado en:
Detalles Bibliográficos
Autor principal: Serenčéš, Roman
Otros Autores: Rajčániová, Miroslava
Formato: Capítulo de libro
Lenguaje:inglés
Materias:
Etiquetas: Agregar Etiqueta
Sin Etiquetas, Sea el primero en etiquetar este registro!

MARC

LEADER 00000naa$a2200000$$$4500
001 0063369
005 20231128141442.6
041 0 |a eng 
044 |a CZ 
245 1 0 |a Food safety - public good  |c Roman Serenčéš, Miroslava Rajčániová 
520 |a Analýza vnímania potravinovej bezpečnosti spotrebiteľmi agropotravinárskych produktov vo vybranom kraji Slovenska. Potravinová bezpečnosť v podmienkach SR. Potravinová politika SR a ES v zmysle potravinového práva. Všeobecné zásady a požiadavky v záležitostiach bezpečnosti potravín stanovuje Nariadenie Európskeho parlamentu a Rady ES č. 178/2002, jeho účinnosť a dopad. 
610 2 0 |a bezpečnosť potravinová 
610 2 0 |a potraviny 
610 2 0 |a politika 
610 2 0 |a Európske spoločenstvá 
610 2 0 |a úpravy právne 
610 2 0 |a spotrebitelia 
610 2 0 |a Slovensko 
610 2 0 |a dotazníky 
100 1 |a Serenčéš, Roman 
700 1 |a Rajčániová, Miroslava